Cenotvorba firmy a stanovenie cenových stratégií v konkurenčnom prostredí diplomová práca

Na minha lista:
Detalhes bibliográficos
Autor principal: Jakubec, Marek
Autor Corporativo: Fakulta podnikového manažmentu EU. Katedra podnikovohospodárska
Outros Autores: Fendeková, Eleonora, 1952-
Formato: Livro
Idioma:eslovaco
Publicado em: Bratislava 2018
Tags: Adicionar Tag
Sem tags, seja o primeiro a adicionar uma tag!

MARC

LEADER 00000nbm a2200000 4500
001 0244792
005 20181004111734.5
041 0 |a slo 
044 |a SK 
245 1 0 |a Cenotvorba firmy a stanovenie cenových stratégií v konkurenčnom prostredí  |b diplomová práca  |c Marek Jakubec ; školiteľ: Eleonora Fendeková 
264 1 |a Bratislava  |c 2018 
300 |a 70 s. 
100 1 |a Jakubec, Marek 
700 1 |a Fendeková, Eleonora, 1952- 
710 2 |a Fakulta podnikového manažmentu EU. Katedra podnikovohospodárska